00545nam a2200181Ia 4500003000900000008004100009040001600050080001500066100001900081245010300100260003200203300001500235490003700250650001800287650002000305650001900325650001900344IN-BaIIA211028s9999 xx 000 0 eng d cIIA Library a532.5bTIE aTietjens, O. G 0aFundamentals of hydro and aeromechanicscO. G. Tietjens  aNew YorkbMcGraw-Hillc1934 axvi, 270p. aEngineering societies monographs aAeromechanics aFluid mechanics aHydromechanics aNASA thesaurus